00923nam a22002057a 4500003000900000008004100009040007100050082001900121100003300140245007300173260007200246300007300318505017500391650002800566650001700594650002400611650001700635650003600652700002900688AR-CdUCM190410b ||||| |||| 00| 0 spa d aMUNICIPALIDAD PROVINCIAL DEL CUSCOcBIBLIOTECA MUNICIPAL DEL CUSCO a711.40 /bV732 aVillegas Ormachea, Américo aCentro histórico del Cusco :bRehabilitación urbana y vivienda / aCusco :bUniversidad Nacional de San Antonio Abad del Cusco,c1990. a182 páginas ;bGraficos, imagenes, mapas, mapas plegables,c25 cm. aContenido: Marco conceptual y criterios de base -- El desarrollo regional, la ciudad y el centro histórico del Cusco -- Los aspectos urbanos-diagnostico situacional ... aRehabilitación urbana aPerú-Cusco aPatrimonio cultural aProtección aConservación y restauración aEstrada Iberico, Enrique